000
00300nam a22001337a 4500
008
170508b xxu||||| |||| 00| 0 eng d
020
_a
9780314166630
041
_a
eng
080
_2
3 ED
_a
343.9
100
_a
14
101
_a
SHJ
245
_a
XRIMINAL PROCEDURES
_c
DRESSLER.J
942
_2
udc
_c
BK
999
_c
12982
_d
12982